Laboratori de tècnica policial / [Josep L. de Sagredo ; fotomontatge i dibuixos per Alfons Miquel]
Descripción Física:
59 p. : il. ; 25 cm
MARC
| LEADER | 00000nam a2200000Ia 4500 | ||
|---|---|---|---|
| 001 | 545 | ||
| 008 | 160829s9999 xx 000 0 cat d | ||
| 080 | |a C-1-516 | ||
| 100 | |a Sagredo, Josep L. de |9 35964 | ||
| 245 | |a Laboratori de tècnica policial / [Josep L. de Sagredo ; fotomontatge i dibuixos per Alfons Miquel] | ||
| 260 | |a Barcelona : |b (Tip. A. Roca Rabell), [193 - ?] | ||
| 300 | |a 59 p. : |b il. ; |c 25 cm | ||
| 590 | |a A la portada: Generalitat de Catalunya. Comissaria General d'Ordre Públic | ||
| 650 | |a Laboratori de Tècnica Policial (Barcelona) |9 35965 | ||
| 650 | |a Policies |x Formació |x Catalunya |9 35966 | ||
| 700 | |a Miquel, Alfons |9 35967 | ||
| 700 | |a Catalunya. Comissaria General d'Ordre Públic |9 35968 | ||
| 901 | |a Arxiu | ||
| 942 | |n 1 | ||
| 952 | |0 0 |1 0 |4 0 |6 C1516 |7 1 |9 47134 |a Arxiu |b Arxiu |d 2016-12-01 |l 0 |o C-1-516 |p 545 |r 2016-12-01 00:00:00 |w 2016-12-01 |y ARXIU | ||
| 999 | |c 50930 |d 50930 | ||